| 000 | 00879cam a2200241 a 4500 | ||
|---|---|---|---|
| 020 | _a0471013102 | ||
| 082 | 0 | 0 |
_a532 _bSTR _cN-1, P-27 |
| 100 | 1 |
_aStreet, Robert L. _939978 |
|
| 245 | 1 | 0 |
_aElementary fluid mechanics / _cRobert L. Street, Gary Z. Watters, John K. Vennard. |
| 250 | _a7th ed. | ||
| 260 |
_aNew York : _bJ. Wiley, _c1996. |
||
| 300 |
_axiii, 757 p. : _bill. ;some col. ; _c26 cm. |
||
| 500 | _aVennard's name appears first on the 6th ed. | ||
| 526 |
_a0 _b0 _c0 _d532_000000000000000_STR |
||
| 650 | 0 |
_aFluid mechanics. _91678 |
|
| 650 | 0 |
_aNUST _96342 |
|
| 700 | 1 | _aVennard, John K. | |
| 700 | 1 |
_aWatters, Gary Z. _93494 |
|
| 856 | 4 | _uhttp://www.loc.gov/catdir/toc/onix02/94039840.html | |
| 856 | 4 | 2 | _uhttp://www.loc.gov/catdir/description/wiley031/94039840.html |
| 856 | 4 | 2 | _uhttp://www.loc.gov/catdir/enhancements/fy1106/94039840-b.html |
| 942 |
_2ddc _cBK |
||
| 999 |
_c547764 _d547764 |
||